| 000 | 00692nam a2200205 4500 | ||
|---|---|---|---|
| 001 | 139073 | ||
| 003 | ES-MaACL | ||
| 005 | 20230906195710.0 | ||
| 007 | t| | ||
| 008 | 070214s1981 sp r ||||1| spa d | ||
| 100 | 1 |
_aSarasa Sánchez, Esteban. _9103763 |
|
| 245 | 1 | 0 |
_aSociedad y conflictos sociales en Aragón _b: siglos XIII-XV : (estructuras de poder y conflictos de clase) / _cEsteban Sarasa Sánchez. |
| 250 | _a1ª. ed. | ||
| 260 |
_aMadrid : _bSiglo Veintiuno, _c1981. |
||
| 300 |
_a256 p. ; _c20 cm. |
||
| 490 | 1 | _aHistoria de los movimientos sociales | |
| 830 | 0 |
_aHistoria de los movimientos sociales _9180737 |
|
| 852 |
_aES-MaACL _jL-1882 _bR.102410 |
||
| 999 |
_c139073 _d139073 |
||